<?xml version="1.0" encoding="UTF-8"?>
<marc:record xmlns:marc="http://www.loc.gov/MARC21/slim">
   <marc:leader>00000nam a2200000 a 4500</marc:leader>
   <marc:datafield ind1="1" ind2=" " tag="100">
      <marc:subfield code="a">Bergmann, Heide</marc:subfield>
      <marc:subfield code="4">aut</marc:subfield>
      <marc:subfield code="e">Verfasser/-in</marc:subfield>
   </marc:datafield>
   <marc:datafield ind1="1" ind2=" " tag="100">
      <marc:subfield code="a">Krautmann, Milada:</marc:subfield>
   </marc:datafield>
   <marc:datafield ind1=" " ind2=" " tag="653">
      <marc:subfield code="a">Garten</marc:subfield>
   </marc:datafield>
   <marc:datafield ind1=" " ind2=" " tag="653">
      <marc:subfield code="a">Kinder</marc:subfield>
   </marc:datafield>
   <marc:datafield ind1="0" ind2="0" tag="245">
      <marc:subfield code="a">Mein kleiner bunter Garten</marc:subfield>
   </marc:datafield>
   <marc:datafield ind1="0" ind2="0" tag="245">
      <marc:subfield code="b">Kinder erleben Pflanzen und Tiere rund ums Jahr</marc:subfield>
   </marc:datafield>
   <marc:datafield ind1="0" ind2="0" tag="245">
      <marc:subfield code="c">Heide Bergmann</marc:subfield>
   </marc:datafield>
   <marc:datafield ind1=" " ind2="1" tag="264">
      <marc:subfield code="a">Freiburg i. Br.</marc:subfield>
      <marc:subfield code="b">Christophorus</marc:subfield>
      <marc:subfield code="c">2003</marc:subfield>
   </marc:datafield>
   <marc:datafield ind1=" " ind2=" " tag="250">
      <marc:subfield code="a">1. Aufl.</marc:subfield>
   </marc:datafield>
   <marc:datafield ind1="1" ind2=" " tag="520">
      <marc:subfield code="a">Eine wahre Fundgrube für Menschen mit Garten, die ihre Leidenschaft frühzeitig Kindern und Enkelkindern nahe bringen wollen, und für solche, die aus Mangel an eigener Scholle bei kleinen Menschen den Blick für die Natur im Jahreslauf schärfen wollen. Diverse Inhaltsverzeichnisse, nach Sachkapiteln, Monaten, Pflanzen oder Tieren sortiert, erlauben sowohl Erwachsenen als auch Kindern einen Zugang aus verschiedenen Perspektiven. Leicht verständliche Texte und kindliche, aber sachlich korrekte Illustrationen sowie Fotos informieren, erklären und regen zum praktischen Tun an. Der Autorin ist es vortrefflich gelungen, in einem Sachbuch übersichtlich strukturiert einen Fundus von Ideen aufzunehmen, die zum Experimentieren, Forschen, Basteln und Schlemmen animieren. Für den Sachunterricht bietet dieses Buch einen hervorragenden roten Faden zur Behandlung von Umweltthemen im Jahreslauf und zur Unterstützung einer abwechslungsreichen Schulgartenarbeit. Als Gartenfan kann ich beurteilen, dass Heide Bergmann keinen Aspekt außer Acht gelassen hat, der für Kinder von Interesse ist.</marc:subfield>
   </marc:datafield>
   <marc:datafield ind1=" " ind2=" " tag="020">
      <marc:subfield code="a">3419536011</marc:subfield>
      <marc:subfield code="9">3419536011</marc:subfield>
   </marc:datafield>
   <marc:datafield ind1=" " ind2=" " tag="300">
      <marc:subfield code="a">61 S.: farbig ill.</marc:subfield>
   </marc:datafield>
</marc:record>
